000 00606nam a2200241Ia 4500
003 OSt
005 20221005130607.0
006 a|||||r|||| 00| 0
007 ta
008 221004b |||||||| |||| 00| 0 mal d
024 _a55503
037 _cTextual
040 _aCRL
_cCRL
_bmal
041 _2mal
_amal
082 _aO32,2MAT,1, G0
100 _aAswaththiruinnal
_9638349
245 0 _aRukaminiparinayam
260 _c1930
300 _a63
_ccm.
650 _aMALAYALAM DRAMA
_9207189
942 _hO32,2MAT,1, G0
_cTEXL
_2cc
999 _c1057747
_d1057747